000 01066nam a22003137a 4500
001 0001333
003 KOHA_MİRAKIL
005 20260207001238.0
007 ta
008 090319b2001 tu |||grd|||#0|||0|tur |
020 _a9754710627
_c37,69
040 _aTR-BiSEU
_btur
_cTR-BiSEU
_erda
041 0 _atur
044 _ctu
050 _aT10
_b.T45 2001
240 1 0 _aTurkish-English dictionary of technical terms
_lTürkçe
245 0 _aTürkçe-İngilizce teknik terimler sözlüğü =
_bTurkish-English dictionary of technical terms/
_cHazırlayan Ali Bayram.
264 1 _aİstanbul :
_bFono Açıköğretim Kurumu Yayınları
_c2001
300 _a1168 sayfa
336 _ametin
_btxt
_2rdacontent
337 _aaracısız
_bn
_2rdamedia
338 _acilt
_bnc
_2rdacarrier
500 _aSırtta adı: Teknik terimler sözlüğü.
500 _aKapakta adı: Fono teknik terimler sözlüğü.
650 0 _aTeknoloji--Sözlükler--İngilizce.
_93341
650 0 _a İngiliz dili--Sözlükler--Türkçe.
_94393
907 _aSözlük
942 _2lcc
_cBK
999 _c1323
_d1323